| 000 | 01324cam a2200253 4500 | ||
|---|---|---|---|
| 001 | ##L132663 | ||
| 008 | 060227n2005 000 0 eng u | ||
| 020 | _a1860818935 | ||
| 035 | _a(Sirsi) u132663 | ||
| 041 | 0 | _aeng | |
| 050 | 0 | 4 | _a696.9 $2 18 |
| 100 | 1 | _aUtley, J. I. | |
| 245 | 0 | 0 |
_aDomestic energy use and carbon emissions _bscenarios to 2050 |
| 260 |
_aWatford _bBRE _c2005 |
||
| 300 |
_a6p. _bill _c30cm. |
||
| 490 | 0 |
_aBRE Information Paper _vIP 16/05 |
|
| 520 | _aDescribes five scenarios for energy consumption and carbon emissions from the domestic sector up to 2050. Although traditional energy efficiency measures are examined, the paper also introduces low carbon technologies. These include the use of solar panels, photovoltaics and increased low carbon electricity generation from the national grid. A summary of the costs and savings of each of the scenarios is provided and overall it is found that the cumulative savings outweigh the costs by about 2012. It is found that each scenario would be cost-effective to society as a whole. | ||
| 590 | _aIKA280206 | ||
| 651 | 4 |
_aUnited Kingdom _y |
|
| 690 | _aENVIRONMENTAL AND LAND CONSULTANCY-ENERGY-ENERGY USE-ENERGY EFFICIENCY | ||
| 700 | 1 | _aShorrock, L. D. | |
| 710 | 2 |
_aDepartment for Environment, Food and Rural Affairs _94094 |
|
| 942 | _n0 | ||
| 999 |
_c105206 _d105206 |
||